Entry Personal Name
Number of records used in: 1
001 - CONTROL NUMBER
003 - CONTROL NUMBER IDENTIFIER
005 - DATE AND TIME OF LATEST TRANSACTION
- control field:
20231121162748.0
008 - FIXED-LENGTH DATA ELEMENTS
- fixed length control field:
790410n| azannaabn |n aaa
010 ## - LIBRARY OF CONGRESS CONTROL NUMBER
- LC control number:
n 79018465
035 ## - SYSTEM CONTROL NUMBER
- System control number:
(OCoLC)oca00252314
040 ## - CATALOGING SOURCE
- Original cataloging agency:
DLC
- Language of cataloging:
eng
- Description conventions:
rda
- Transcribing agency:
DLC
- Modifying agency:
OCoLC
- Modifying agency:
IEN
- Modifying agency:
StEdNL
- Modifying agency:
OCoLC
046 ## - SPECIAL CODED DATES
- Birth date:
1919-03-19
- Death date:
1992-03-22
- Source of date scheme:
edtf
100 1# - HEADING--PERSONAL NAME
- Personal name:
Cronquist, Arthur
370 ## - ASSOCIATED PLACE
- Place of birth:
San Jose (Calif.)
- Place of death:
Provo (Utah)
- Associated country:
United States
- Source of term:
naf
373 ## - ASSOCIATED GROUP
- Associated group:
New York Botanical Garden
- Source of term:
naf
374 ## - OCCUPATION
- Occupation:
Botanists
- Source of term:
lcsh
377 ## - ASSOCIATED LANGUAGE
670 ## - SOURCE DATA FOUND
- Source citation:
His Introductory botany, 1961.
670 ## - SOURCE DATA FOUND
- Source citation:
Gleason, H.A. Manual of vascular plants of Northeastern United States and adjacent Canada, 1963:
- Information found:
t.p. (Arthur Cronquist, Ph.D., curator, The New York Botanical Garden)
670 ## - SOURCE DATA FOUND
- Source citation:
Info. converted from 678, 2012-10-02
- Information found:
(b. 3/19/19)
670 ## - SOURCE DATA FOUND
- Source citation:
Bulletin of the Torrey Botanical Club, 1992:
- Information found:
Vol. 119, No. 4, pp 458-463 (obituary: In memoriam, Arthur Cronquist, an appreciation; d. Provo, Utah, 22 Mar., 1992; b. San Jose, California, 19 Mar., 1919; he completed a bachelor's degree in 1938 and a master's degree in 1940 at Utah State; Ph.D. 1944; offered a junior staff position at the New York Botanical Garden in 1943; re-joined the scientific staff of the New York Botanical Garden in 1952 and remained there until his death; one of the most able and influential botanists of our time)